Fundamentals of traditional Chinese medicine / (Record no. 2490)

000 -LEADER
fixed length control field nam a22 7a 4500
005 - DATE AND TIME OF LATEST TRANSACTION
control field 20170516164151.0
008 - FIXED-LENGTH DATA ELEMENTS--GENERAL INFORMATION
fixed length control field 170516b1992 cc ||||| |||| 00| 0 eng d
020 ## - INTERNATIONAL STANDARD BOOK NUMBER
International Standard Book Number 0835127869
-- 711901398X
040 ## - CATALOGING SOURCE
Original cataloging agency AKMAL
082 ## - DEWEY DECIMAL CLASSIFICATION NUMBER
Classification number 610 HUI
090 ## - LOCALLY ASSIGNED LC-TYPE CALL NUMBER (OCLC); LOCAL CALL NUMBER (RLIN)
Classification number (OCLC) (R) ; Classification number, CALL (RLIN) (NR) 610
Local cutter number (OCLC) ; Book number/undivided call number, CALL (RLIN) HUI
245 10 - TITLE STATEMENT
Title Fundamentals of traditional Chinese medicine /
Statement of responsibility, etc. written by Yin Huihe and others ; edited & translated by Shuai Xuezhong.
260 ## - PUBLICATION, DISTRIBUTION, ETC.
Place of publication, distribution, etc. Beijing :
Name of publisher, distributor, etc. Foreign Languages Press,
Date of publication, distribution, etc. c1992
300 ## - PHYSICAL DESCRIPTION
Extent xiv, 300 p. :
Other physical details ill. ;
Dimensions 27 cm
650 #0 - SUBJECT ADDED ENTRY--TOPICAL TERM
Topical term or geographic name entry element edicine, Chinese
9 (RLIN) 5177
700 1# - ADDED ENTRY--PERSONAL NAME
Personal name Yin, Huihe.
9 (RLIN) 5178
700 1# - ADDED ENTRY--PERSONAL NAME
Personal name Shuai, Xuezhong
9 (RLIN) 5179
942 ## - ADDED ENTRY ELEMENTS (KOHA)
Source of classification or shelving scheme
Koha item type Book
Holdings
Withdrawn status Lost status Source of classification or shelving scheme Damaged status Not for loan Collection code Home library Current library Shelving location Date acquired Inventory number Total Checkouts Full call number Barcode Date last seen Price effective from Koha item type
          NON-FICTION AKMAL Melaka AKMAL Melaka PINJAMAN 16.05.2017 602104   610 HUI 201703043 16.05.2017 16.05.2017 Book
Pusat Sumber Maklumat Dato' Haji Sarmin Md Hussin, Akademi Kastam Diraja Malaysia, Melaka
Tel: 06-2331106 | Faks: 06-2313787